[Event "Sachsen-Anhalt-ch op"]
[Site "Magdeburg"]
[Date "2021.10.28"]
[Round "2"]
[White "Franzke, Louis"]
[Black "Pham, Jacky"]
[Result "1-0"]
[WhiteElo "1544"]
[BlackElo "1122"]
[PlyCount "103"]
[EventDate "2021.10.28"]
[EventType "swiss"]
[EventRounds "7"]
[EventCountry "GER"]
[SourceTitle "CBM 205 Extra"]
[Source "ChessBase"]
[SourceDate "2022.01.31"]
[SourceVersion "1"]
[SourceVersionDate "2022.01.31"]
[SourceQuality "1"]

1. c4 c5 2. Nc3 Nc6 3. g3 d6 4. Bg2 Bd7 5. Nf3 g6 6. e3 Bg7 7. d4 cxd4 8. Nxd4 Nxd4 9. exd4 Qb6 10. Nd5 Qd8 11. 0-0 Bc6 12. Rb1 e6 13. Re1 Ne7 14. Nxe7 Bxg2 15. Kxg2 Qxe7 16. d5 0-0 17. dxe6 fxe6 18. Qg4 Rae8 19. b3 Qf7 20. Be3 b6 21. Rbd1 Qb7+ 22. Kg1 d5 23. cxd5 exd5 24. Bd4 Qf7 25. Rxe8 Rxe8 26. Bxg7 Kxg7 27. Qd4+ Kf8 28. Qxd5 Re1+ 29. Kg2 Rxd1 30. Qxd1 Ke7 31. Qf3 Qxf3+ 32. Kxf3 Kd6 33. Ke4 Kc5 34. a3 Kd6 35. g4 h6 36. h4 a6 37. f4 Ke6 38. h5 gxh5 39. f5+ Kf6 40. gxh5 b5 41. b4 Kf7 42. Ke5 Ke7 43. f6+ Kf7 44. Kf5 Kf8 45. Kg6 Kg8 46. Kxh6 Kf7 47. Kg5 Kg8 48. Kg6 Kf8 49. h6 Kg8 50. h7+ Kh8 51. f7 a5 52. f8Q# 1-0